Información y desarrollo: diálogo entre proveedores y usuarios. Informe de la Reunión sobre Información para el Desarrollo en Latinoamérica y el Caribe /

Guardat en:
Dades bibliogràfiques
Autor principal: Beltrán S., Luis Ramiro
Altres autors: Johnson de Vodanovic, Betty
Format: Text
Publicat: Bogotá: Publicación del CIID
Matèries:
Etiquetes: Afegir etiqueta
Sense etiquetes, Sigues el primer a etiquetar aquest registre!

MARC

LEADER 00000 a a2200000 04500
001 15479
003
040
090 |a 016900  
100 |a Beltrán S., Luis Ramiro  
245 |a Información y desarrollo: diálogo entre proveedores y usuarios. Informe de la Reunión sobre Información para el Desarrollo en Latinoamérica y el Caribe /  |c Luis Ramiro Beltrán S. 
260 |a Bogotá:   |b Publicación del CIID  
300 |a 137 p.  
650 |a SERVICIOS DE INFORMACION  
700 |a Johnson de Vodanovic, Betty  
999 |c 14270  |d 14270